Don Juan

Αποθηκεύτηκε σε:
Λεπτομέρειες βιβλιογραφικής εγγραφής
Κύριος συγγραφέας: Torrente Ballester, Gonzalo (Συγγραφέας)
Μορφή: Βιβλίο
Γλώσσα:Ισπανικά
Έκδοση: Barcelona RBA Editores 1993
Σειρά:Narrativa Actual, 57
Θέματα:
Ετικέτες: Προσθήκη ετικέτας
Δεν υπάρχουν, Καταχωρήστε ετικέτα πρώτοι!

MARC

LEADER 00000cam a2200000 a 4500
001 UCG8383
003 CL-VaPUC
008 111202e19930000SP |||||||||||||||||spa|d
020 |a 8447300560 
082 0 4 |a 863.02  |b TOR  |2 21 
100 0 |a Torrente Ballester, Gonzalo  |e author  |9 322592 
245 1 0 |a Don Juan 
300 |a 346 p 
942 |c BK 
945 |d 20111202 00:00:00  |a dcastane 
260 |a Barcelona  |b RBA Editores  |c 1993 
650 0 |a Literatura española  |9 306261 
650 7 |a NARRATIVA ESPAÑOLA  |2 CL-VaPUC  |9 531442 
583 |a last modification  |c 20111202 14:14:00  |k Rodrigo Vera 
490 0 |a Narrativa Actual, 57 
999 |c 345993  |d 345991 
952 |0 0  |1 0  |4 0  |6 863_020000000000000_TOR_1993  |7 0  |8 A  |9 446413  |a BIBEDU  |b BIBEDU  |d 2019-11-22  |i 4809343  |o 863.02 TOR 1993  |p 4809343  |r 2019-11-22  |w 2019-11-22  |y BK  |k LIT